01579 a2200181 45000010006000000050017000060080041000230030015000640400040000790800033001192450046001522640033001983000019002315051087002501000015013377000015013527000030013673280120260407155624.0260407a1967 arg spa dAR-UNSa-BCEJYS aAR-UNSa-BCEJYSbspacAR-UNSa-BCEJYS a658.011.56xAutomatización10aAdministración automatizada de empresas 1aBarcelona :bRevertéc1967 a644 p.c22 cm. a1. La administración de empresas - 2. Principios y elementos constitutivos de las máquinas de trajetas perforadas - 3. Operaciones y marteriales para la creción de un fichero - 4. Operaciones preliminares para la creación de tarjetas - 5. Empleo de las tarjetas perforadas - 6. La clasificadora - 7. La tabuladora - 8. Materiales de puesta al dia y preparación de los ficheros de trabajo - 9. Materiales de cálculo - 10. Conjunto electrónicos - 11. Los documentos y los impresos - 12. Aplicación de las tarjetas perforadas en la administración de empresas - 13. Automatización por los otros sistemas - 14. Adopción de un sistema automático - 15. Los trabajos por cuenta ajena en máquina de tarjetas perforadas - 17. Implantación - Locales - Corriente - 18. El personal - 19. Estructura y ambiente - 20. Preparación y ejcución de los trabajos - 21. Programación de las máquinas mediante conexiones - 22. Programación de los conjuntos electrónicos - 23. Incidentes y accidentes - 24. Control de trabajo - 25. Precios de coste y rentabilidad. 1 aLhoste, G.1 aPèpe, P.1 aVillamor Salazar, Enrique